Every Typical Colors 2 Weapon - Statistics

General Stats
  • This quiz has been taken 8 times
    3 since last reset
  • The average score is 183 of 192
Answer Stats
Hint Answer % Correct
Marksman : Secondary 50-AE
100%
Annihilator : Primary Acid Trader
100%
Agent : Secondary Afterimage
100%
Doctor : Melee Amputator
100%
Flanker : Melee Atomizer
100%
Mechanic : Primary Avengeance
100%
Flanker : Primary Baby Face's Blaster
100%
Flanker : Melee Bat
100%
Trooper : Secondary Battalion's Backup
100%
Annihilator : Melee Battle Axe
100%
Brute : Secondary Battle Burrito
100%
Brute : Primary Biker's Blitz
100%
Annihilator : Melee Black Death
100%
Agent : Primary Block-17
100%
Doctor : Secondary Blood Doctor
100%
Annihilator : Secondary Bloody Blossom
100%
Flanker : Secondary Bloxy Cola
100%
Annihilator : Primary Blunderbrass
100%
Trooper : Secondary Boonie Blaster
100%
Brute : Melee Boxing Gloves
100%
Brute : Secondary Brash Burger
100%
Annihilator : Melee Broken Sword
100%
Flanker : Melee Brooklyn Basher
100%
Trooper : Secondary Buff Banner
100%
Multi-Class : Primary/Secondary Bullet-Stormer
100%
Marksman : Melee Camper's Climber
100%
Flanker : Melee Candy Cane
100%
Annihilator : Secondary Chargin' Targe
100%
Marksman : Primary Classic
100%
Agent : Primary Cloak Revolver
100%
Flanker : Primary Colbat
100%
Flanker : Melee Cold Shoulder
100%
Flanker : Secondary Concealed Carry
100%
Trooper : Secondary Concheror
100%
Mechanic : PDA Construct
100%
Multi-Class : Primary/Secondary Crankenstein
100%
Trooper : Melee Crowbar
100%
Doctor : Primary Dairy Douser
100%
Arsonist : Primary Degreaser
100%
Mechanic : PDA Demolish
100%
Doctor : Melee Dentist's Delight
100%
Arsonist : Secondary Detonator
100%
Agent : Primary Diavolo
100%
Brute : Secondary Dire Donut
100%
Trooper : Primary Double Trouble
100%
Marksman : Primary Efficient Eliminator
100%
Mechanic : Primary Einsteinium
100%
Annihilator : Melee Elegant Blade
100%
Trooper : Melee Equalizer
100%
Trooper : Melee Escape Plan
100%
Arsonist : Melee Escapist's Escapade
100%
Mechanic : Melee Eureka Effect
100%
Brute : Melee Eviction Notice
100%
Multi-Class : Primary/Secondary Family Business
100%
Arsonist : Melee Fire Extinguisher
100%
Brute : Primary First Responder
100%
Brute : Melee Fists
100%
Brute : Melee Fists of Steel
100%
Arsonist : Primary Flamethrower
100%
Arsonist : Secondary Flare Gun
100%
Trooper : Primary Friendly Fire Foiler
100%
Multi-Class : Melee Furious Flagxe
100%
Annihilator : Primary Galway Greaves
100%
Trooper : Primary G-Bomb
100%
Annihilator : Secondary Gladiator's Guard
100%
Annihilator : Melee Golf Club
100%
Brute : Melee Gravity Coil
100%
Trooper : Primary Great Unifier
100%
Annihilator : Primary Grenade Launcher
100%
Flanker : Melee Grill Scout
100%
Multi-Class : Primary/Secondary Gunboats
100%
Mechanic : Melee Gunslinger
100%
Marksman : Melee Gustabe
100%
Mechanic : Primary Gutbuster
100%
Mechanic : Seconary Heavy Metal
100%
Marksman : Secondary Hermits' Haversack
100%
Flanker : Melee Holy Mackerel
100%
Arsonist : Melee Hotwire
100%
Arsonist : Primary Huanglong's Wrath
100%
Marksman : Primary Huntsman
100%
Arsonist : Primary Interceptor
100%
Agent : Secondary Invis-Watch
100%
Annihilator : Secondary Irish Guard
100%
Annihilator : Primary Iron Force
100%
Multi-Class : Melee Katanna
100%
Doctor : Secondary Kritzkrieg
100%
Marksman : Melee Lemoblade
100%
Marksman : Secondary Lemonade
100%
Flanker : Primary Lever Shotgun
100%
Trooper : Primary Liberty Launcher
100%
Flanker : Primary Lupara DB
100%
Annihilator : Primary M1 Garandier
100%
Brute : Primary M249
100%
Marksman : Secondary Mac-10
100%
Marksman : Melee Machete
100%
Flanker : Secondary Mad Milk
100%
Trooper : Secondary Mantreads
100%
Trooper : Melee Market Gardener
100%
Trooper : Primary Maverick
100%
Brute : Primary Maxine
100%
Doctor : Secondary Medigun
100%
Doctor : Primary Mercy Kill
100%
Brute : Primary Minigun
100%
Marksman : Melee Mischievous Machete
100%
Marksman : Primary Model IV
100%
Mechanic : Seconary Noisy Cricket
100%
Trooper : Primary Original
100%
Doctor : Primary Overdrive
100%
Multi-Class : Primary/Secondary Parabomber
100%
Mechanic : Melee P.D.Q.
100%
Flanker : Primary Perceptionist
100%
Trooper : Secondary Personal Death Ray
100%
Doctor : Melee Pestilence Poker
100%
Arsonist : Primary Phlogistinator
100%
Multi-Class : Secondary Pistol
100%
Marksman : Primary Poacher's Pride
100%
Agent : Primary Quick Draw
100%
Annihilator : Secondary Quickiebomb Launcher
100%
Annihilator : Secondary Ragin' Bull
100%
Marksman : Secondary Razorback
100%
Trooper : Primary RE:COIL
100%
Doctor : Secondary Rejuvenator
100%
Mechanic : Primary Rescue Ranger
100%
Trooper : Secondary Reserve Shooter
100%
Agent : Primary Revolver
100%
Brute : Secondary ROBAR
100%
Trooper : Primary Rocket Jumper
100%
Trooper : Primary Rocket Launcher
100%
Flanker : Melee Sandman
100%
Doctor : Melee Saw
100%
Annihilator : Melee Shock and Awe
100%
Mechanic : Seconary Short Circuit
100%
Multi-Class : Primary/Secondary Shotgun
100%
Flanker : Primary Shotgun Cannon
100%
Agent : Primary Silenced Pistol
100%
Agent : Primary Sinister Suit
100%
Marksman : Primary Skullbuster
100%
Trooper : Melee SlapJock!
100%
Marksman : Primary Sniper Rifle
100%
Flanker : Primary Soda Popper
100%
Marksman : Primary Sour Shots
100%
Mechanic : Melee Southern Hospitality
100%
Annihilator : Melee Spartan Savior
100%
Flanker : Primary Specialist
100%
Brute : Secondary Special-Ops Sushi
100%
Brute : Melee Speed Coil
100%
Annihilator : Primary Squire Boots
100%
Trooper : Primary Stellar Carpet
100%
Annihilator : Secondary Stickybomb Launcher
100%
Annihilator : Secondary Sticky Jumper
100%
Brute : Secondary Sub Shotgun
100%
Doctor : Melee Supersaw
100%
Flanker : Secondary Super Sneakers
100%
Marksman : Secondary Suppressed Solution
100%
Doctor : Primary Syringe Crossbow
100%
Doctor : Primary Syringe SMG
100%
Brute : Secondary Tennacious Turkey
100%
Flanker : Secondary The Batarang
100%
Arsonist : Melee Thousand Degree Axe
100%
Annihilator : Secondary Tide Turner
100%
Brute : Primary Tomislav
100%
Trooper : Melee Tunnel Rat
100%
Marksman : Secondary Turtle Rock
100%
Marksman : Primary Urban Upriser
100%
Doctor : Secondary Vaccinator
100%
Brute : Melee Warrior's Spirit
100%
Mechanic : Primary Widowmaker
100%
Flanker : Secondary Winger
100%
Flanker : Secondary Witches Brew
100%
Flanker : Melee Wooden Sword
100%
Mechanic : Seconary Wrangler
100%
Flanker : Melee Wrap Assassin
100%
Trooper : Primary Wrecker's Yard
100%
Mechanic : Melee Wrench
100%
Agent : Secondary Cloak and Dagger
50%
Agent : Melee Conniver's Kunai
50%
Multi-Class : Secondary Conventional
50%
Agent : Secondary Dead Ringer
50%
Multi-Class : Secondary Deathblow
50%
Trooper : Primary Direct Hit
50%
Agent : Melee Icicle
50%
Agent : Melee Knife
50%
Arsonist : Melee Mending Mallet
50%
Agent : PDA Radius Scanner
50%
Agent : PDA Sapper
50%
Agent : PDA Slow Burn
50%
Agent : PDA Spy Camera
50%
Agent : PDA Stray Reflex
50%
Agent : Melee Swift Stiletto
50%
Agent : Melee Wraith
50%
Agent : Melee Your Eternal Reward
50%
Arsonist : Melee Imporvised Innovator
0%
No matching quizzes found
Score Distribution
Percent of People with Each Score
Percentile by Number Answered
Your Score History
You have not taken this quiz since the last reset